"Because I live here" ; the theory and practice of vita-erg ward therapy with deteriorated psychotic women /

Bibliographic Details
Main Author: Slavson, S. R. (Samuel Richard), 1890-1981
Format: Book
Language:English
Published: New York : International Universities Press, [1970]
Subjects:

MARC

Tag First Indicator Second Indicator Subfields
LEADER 00000cam a2200000 4500
001 in00000465421
005 20151013051503.0
008 710427s1970 nyu 00110 eng
010 |a  70125477  
035 |a (OCoLC)00137861 
035 |9 ACB0922AM 
037 |c $10.00 
040 |a DLC  |c DLC  |d TXA  |d UtOrBLW 
049 |a TXAM  |c [1183212] 
050 0 0 |a RC439  |b .S54 
082 0 |a 362.2/1/0974723 
100 1 |a Slavson, S. R.  |q (Samuel Richard),  |d 1890-1981. 
245 1 0 |a "Because I live here" ;  |b the theory and practice of vita-erg ward therapy with deteriorated psychotic women /  |c by S. R. Slavson. 
264 1 |a New York :  |b International Universities Press,  |c [1970] 
264 4 |c [©1970] 
300 |a 374 pages ;  |c 24 cm. 
336 |a text  |b txt  |2 rdacontent 
337 |a unmediated  |b n  |2 rdamedia 
338 |a volume  |b nc  |2 rdacarrier 
610 1 0 |a New York.  |b State Hospital, Brooklyn. 
650 0 |a Mentally ill  |x Care. 
650 0 |a Psychiatric hospitals  |x Sociological aspects. 
999 |a MARS 
999 f f |s 4964a911-5570-3543-b6d7-57543a5da5ff  |i 61376fa1-a73f-32d9-912b-da3434b8eecc  |t 0 
952 f f |p ric  |a Texas A&M University  |b Rellis Campus  |c Joint Library Facility  |d Remote Storage  |t 0  |e RC439 .S54  |h Library of Congress classification  |i unmediated -- volume  |m A14805102244 
998 f f |a RC439 .S54  |t 0  |l Remote Storage